|
|
|
|
| LEADER |
00577cam a2200157 7i4500 |
| 001 |
0000016084 |
| 005 |
20050826090000.0 |
| 090 |
0 |
0 |
|a CD 641.3025
|b SIN(SING)
|
| 245 |
0 |
0 |
|a Singapore :
|b food & beverage 2004/2005.
|
| 260 |
0 |
0 |
|a Singapore:
|b Singapore Information Services,
|c 2004.
|
| 300 |
# |
# |
|a Electronic computer optical disc (CD-ROM).
|
| 650 |
0 |
0 |
|a Food --
|x Directories --
|z Singapore
|
| 650 |
0 |
0 |
|a Food industry and trade --
|z Singapore
|
| 650 |
0 |
0 |
|a Beverage --
|x Directories --
|z Singapore
|
| 651 |
0 |
0 |
|a Singapore
|
| 999 |
|
|
|a CDR000450H
|b CD-ROM
|c AV Collection
|e Business Information Centre
|